000 00285nam a2200097Ia 4500
008 220204s9999 xx 000 0 und d
082 _a339.18(47+57)
_bECO
245 0 _aEconomic and commercial report: USSR
260 _aNew Delhi
_bDirectorate of Commercial Publicity
_c1968
942 _cBK
999 _c22292
_d22292